000 00896nam a22003135b 4500
001 446
003 DO-SdBPM
005 20250902135114.0
007 ta
008 950710s2000 sp a | | ||spa
017 _a
_b
020 _a9788466205368
040 _aDO-SdBPM
_bspa
_cBPMSU
_erda
082 4 _a793.735
_bM678p 2009
_222
245 0 0 _aMis primeras adivinanzas
_b
_h
250 _a
264 _aMadrid, España :
_bEditorial Libsa,
_c2009
300 _avarias paginaciones :
_bil.ustraciones ;
_c21 cm
336 _atexto
_btxt
_2rdacontent
337 _asin mediación
_bn
_2rdamedia
338 _avolumen
_bnc
_2rdacarrier
590 _aInventariado, 2025/VM
600 _2
650 7 _aPlantas
_xAdivinanzas
650 7 _aAnimales
_xAdivinanzas.
_v
650 7 _aLibros ilustrados para niños
910 _aVMateo V. Control de calidad. BPMSU
942 _2ddc
_cBK
999 _c15363
_d15363